Vysoké Tatry vodopád "Skok" v Mlýnické doline

Bibliographic Details
Format: Postcard
Language:Czech
Hungarian
German
PhysicalDescription:1 pohľadnica čiernobiela 14x9 cm
Published: [Praha] JKO [1930]
Subjects:

MARC

LEADER 00000nkm a2200000 a 4500
001 vtls010695475
003 SK-MaSNL
005 20260512123428.0
007 kp bo
008 231214q1930 xr g 00 kucze
015 |a SNBG 
035 |a 727FAD1F-8BC0-44BC-8D05-B83B51B7AAB1 
035 |a urn:nbn:sk:snk-kmxz5y 
035 |a urn:nbn:sk:snk-km007ap1 
040 |a SNK  |b slo  |c SNK  |e AACR2 
041 0 |a cze  |a hun  |a ger 
043 |a e-xo--- 
044 |a xr  |c CZ 
080 |a 908(437.6)  |2 2001 
080 |a (084.121)  |2 2001 
080 |a (234.372.4)  |2 2008 
080 |a 551.435.14(282.3)  |2 2001 
245 0 0 |a Vysoké Tatry  |h grafika  |b vodopád "Skok" v Mlýnické doline 
246 3 1 |a Hohe Tatra  |b Schleierwasserfall im Mlinicatal 
246 3 1 |a Magas Tátra  |b Fáltyol vízesés a mlinicai völgyben 
260 |a [Praha]  |b JKO  |c [1930] 
300 |a 1 pohľadnica  |b čiernobiela  |c 14x9 cm 
546 |a Súbežný názov v maďar. a nem. 
650 0 7 |a vodopády  |2 SNKPH  |9 55574 
651 7 |a Vysoké Tatry (Poľsko a Slovensko : pohorie)  |2 SNKPHgeo  |9 67729 
651 7 |a Mlynická dolina (Slovensko)  |2 SNKPHgeo  |9 160670 
655 7 |a geografické pohľadnice  |2 SNKPH  |9 70522 
852 |a Slovenská národná knižnica 
958 |a GC 
958 |a GBN 
958 |a OND 
999 |c 760482  |d 762412 
952 |a SNK  |b SNK  |y PREZ  |7 0  |p 17A1163330  |o snkSP 3052  |0 0  |1 0  |4 0  |d 2015-07-28  |f 1  |l 0  |r 2026-02-24 00:02:41  |w 2026-02-24